| Tag |
First Indicator |
Second Indicator |
Subfields |
| LEADER |
00000cam a2200000 a 4500 |
| 001 |
in00000099249 |
| 005 |
20150924160106.0 |
| 008 |
820423s1981 cauab b 00110 eng |
| 010 |
|
|
|a 81068041
|
| 020 |
|
|
|a 0870621408
|
| 035 |
|
|
|a (OCoLC)08053636
|
| 035 |
|
|
|9 AAL0124AM
|
| 040 |
|
|
|a DLC
|c DLC
|d TXA
|d UtOrBLW
|
| 043 |
|
|
|a n-us-ca
|
| 049 |
|
|
|a TXAM
|c [1362736]
|
| 050 |
0 |
0 |
|a SD428.A2
|b C275
|
| 082 |
0 |
|
|a 333.75/16/097949
|2 19
|
| 100 |
1 |
|
|a Lockmann, Ronald F.
|
| 245 |
1 |
0 |
|a Guarding the forests of Southern California :
|b evolving attitudes toward conservation of watershed, woodlands, and wilderness /
|c by Ronald F. Lockmann.
|
| 264 |
|
1 |
|a Glendale, Calif. :
|b A.H. Clark,
|c 1981.
|
| 300 |
|
|
|a 184 pages :
|b illustrations, maps ;
|c 28 cm.
|
| 336 |
|
|
|a text
|b txt
|2 rdacontent
|
| 337 |
|
|
|a unmediated
|b n
|2 rdamedia
|
| 338 |
|
|
|a volume
|b nc
|2 rdacarrier
|
| 490 |
1 |
|
|a Western lands and waters ;
|v 12
|
| 504 |
|
|
|a Includes bibliographical references and index.
|
| 650 |
|
0 |
|a Forest reserves
|z California, Southern
|x History.
|
| 650 |
|
0 |
|a Forest conservation
|z California, Southern
|x History.
|
| 830 |
|
0 |
|a Western lands and waters series ;
|v 12.
|
| 999 |
|
|
|a MARS
|
| 999 |
f |
f |
|s c73846d3-11bf-3c15-a2f4-74c8d3f900c7
|i f334affe-031f-3f95-9dec-e792a27ed5de
|t 0
|
| 952 |
f |
f |
|p ric
|a Texas A&M University
|b Rellis Campus
|c Joint Library Facility
|d Remote Storage
|t 0
|e SD428.A2 C275
|h Library of Congress classification
|i unmediated -- volume
|m A14806047439
|
| 998 |
f |
f |
|a SD428.A2 C275
|t 0
|l Remote Storage
|